000 00661nam a2200229 a 4500
999 _c10586
_d10586
001 10586
003 BD-JhCC
005 20180724094122.0
008 180724s20121973bg |||| |||| 000 0 ben d
020 _a9840243
035 _a(BD-JhCC)10586
040 _aBD-JhCC
_dBD-JhCC
041 _aben
082 _a891.4415
_bUDD 2014
100 _aউদ্দীন, জসীম
245 _aহলুদ বরণী /
_cজসীম উদ্দীন
260 _aঢাকা :
_bপলাশ,
_c২০১২.
300 _a৭২ পৃ. :
_c১৯ সেমি.
650 _aবাংলা কবিতা
650 _aBengali Poem
942 _2ddc
_cBK